000 00953nam a2200265Ia 4500
003 OSt
005 20221005105628.0
006 a|||||r|||| 00| 0
007 ta
008 221004b |||||||| |||| 00| 0 urd d
020 _a8181435206 (hbk)
_c100
024 _a104662
037 _b371, 17/02/2011, Vani Prakashan
_cTextual
040 _aCRL
_cCRL
_burd
041 _2urd
_aurd
082 _aO168,1M76:g, 152P6
100 _aसलिल, सुरेश
245 0 _aइक़बाल की ज़िंदगी और शायरी
246 _aIक़bāl kī ज़iandagī aur shāyarī
260 _aनई दिल्ली
_bवाणी प्रकाशन भारत
_c2006
300 _a83पृ0
_ccm.
650 _aउर्दू साहित्य
942 _hO168,1M76:g, 152P6
_cTEXL
_2cc
999 _c1016406
_d1016406